[Event "GER-ch Net blitz qual4"]
[Site "Playchess.com INT"]
[Date "2020.03.23"]
[Round "4"]
[White "Backes, Markus"]
[Black "Kesselhut, Pascal"]
[Result "1-0"]
[WhiteElo "1498"]
[BlackElo "1288"]
[PlyCount "67"]
[EventDate "2020.03.23"]
[EventType "swiss (blitz)"]
[EventRounds "9"]
[EventCountry "GER"]
[SourceTitle "CBM 195 Extra"]
[Source "ChessBase"]
[SourceDate "2020.05.31"]
[SourceVersion "1"]
[SourceVersionDate "2020.05.31"]
[SourceQuality "1"]

1. e4 d6 2. d4 Nf6 3. Nc3 Nbd7 4. Bd3 e5 5. dxe5 dxe5 6. Nf3 Bc5 7. 0-0 0-0 8. Bg5 h6 9. Bh4 c6 10. h3 Qc7 11. Bg3 Re8 12. Bc4 b5 13. Bb3 a5 14. a3 a4 15. Ba2 Ba6 16. Re1 b4 17. axb4 Bxb4 18. Re3 Rad8 19. Qc1 Bb7 20. Qf1 c5 21. Qc4 Nb6 22. Qe2 g5 23. Nd5 Nbxd5 24. exd5 Bxd5 25. Bxe5 Rxe5 26. Nxe5 Bxa2 27. Rxa2 Rd2 28. Qf1 Rxc2 29. Rxa4 Nd7 30. Ra8+ Kg7 31. Nxd7 Qxd7 32. Ra1 Rxb2 33. Rd1 Qc7 34. Qc4 1-0

[Event "GER-ch Net blitz qual3"]
[Site "Playchess.com INT"]
[Date "2020.03.21"]
[Round "4"]
[White "Kesselhut, Pascal"]
[Black "Gremmer, Dieter"]
[Result "0-1"]
[WhiteElo "1288"]
[BlackElo "1720"]
[PlyCount "64"]
[EventDate "2020.03.21"]
[EventType "swiss (blitz)"]
[EventRounds "9"]
[EventCountry "GER"]
[SourceTitle "CBM 195 Extra"]
[Source "ChessBase"]
[SourceDate "2020.05.31"]
[SourceVersion "1"]
[SourceVersionDate "2020.05.31"]
[SourceQuality "1"]

1. e4 e5 2. Nf3 Nc6 3. Bc4 Bc5 4. c3 Nf6 5. d3 0-0 6. 0-0 h6 7. Re1 a6 8. Bb3 d6 9. h3 Be6 10. Bxe6 fxe6 11. b4 Ba7 12. a4 Ne7 13. d4 exd4 14. cxd4 Ng6 15. Nc3 Nh7 16. Qb3 Qe7 17. d5 e5 18. Be3 Bxe3 19. Rxe3 Nf4 20. Ne2 Ng6 21. Ng3 Qf7 22. Nf5 Ne7 23. Nxe7+ Qxe7 24. Rc1 Kh8 25. Rec3 Rac8 26. Qb1 Nf6 27. R1c2 Nxe4 28. Rc4 Nf6 29. Qc1 Nxd5 30. b5 axb5 31. axb5 Qf7 32. b6 c6 0-1